Statystyki dla Państwa Układu Warszawskiego!

Kliknij tutaj aby rozwiązać quiz!

Ogólne statystyki

  • Ten quiz został rozwiązany 190 razy
    (189 od ostatniego zresetowania)
  • Średni wynik to 7 z 8

Statystyki odpowiedzi

Państwo% Poprawnych
Polska
99%
Czechosłowacja
87%
ZSRR
87%
Rumunia
86%
Węgry
85%
Bułgaria
81%
NRD
80%
Albania
69%

Rozkład punktacji

Percentyl według liczby udzielonych odpowiedzi

Procent ludzi z każdym wynikiem

Twoja historia wyników

Nie rozwiązałeś tego quizu od ostatniego zresetowania